000 00982nam a22002297a 4500
005 20250328160226.0
008 250328b |||||||| |||| 00| 0 eng d
020 _a978-93-80044-49-1 (pbk)
037 _cTB
040 _aCRL
_cCRL
041 _2hin
_ahin
084 _aO152,1NMAx Q0
_qCRL
100 _aमंडलोई, लीलाधर
245 _aएक बहुत सुंदर तान:
_bकविता संग्रह
260 _aगाज़ियाबाद, भारत:
_bअंतिका प्रकाशन,
_c2010
300 _a128पृ0
365 _b100.00
_cINR
650 _aहिन्दी कविता
650 _aहिन्दी साहित्य
942 _2CC
_cTB
_hO152,1NMAx Q0
_n0
999 _c1308278
_d1308278